MARC
|
|
|
|
| LEADER |
00000nam0a2200000 4500 |
| 001 |
302627 |
| 005 |
20231102001525.0 |
| 035 |
|
|
|a (RuTPU)RU\TPU\book\327834
|
| 090 |
|
|
|a 302627
|
| 100 |
|
|
|a 20150825d1983 km y0rusy50 ca
|
| 101 |
0 |
|
|a rus
|
| 102 |
|
|
|a UA
|
| 105 |
|
|
|a a z 001zy
|
| 200 |
1 |
|
|a Борьба с пылью в очистных забоях
|f Г. С. Гродель [и др.]
|
| 210 |
|
|
|a Киев
|c Технiка
|d 1983
|
| 215 |
|
|
|a 71 с.
|c ил.
|
| 320 |
|
|
|a Библиогр.: с. 69-70
|
| 606 |
1 |
|
|a Борьба с рудничной пылью
|2 stltpush
|3 (RuTPU)RU\TPU\subj\30119
|9 53284
|
| 610 |
1 |
|
|a очистные забои
|
| 610 |
1 |
|
|a горные комбайны
|
| 610 |
1 |
|
|a пылеподавление
|
| 610 |
1 |
|
|a струговая техника
|
| 610 |
1 |
|
|a обеспыливание
|
| 610 |
1 |
|
|a передвижение
|
| 610 |
1 |
|
|a механизированные крепи
|
| 610 |
1 |
|
|a контроль качества
|
| 675 |
|
|
|a 622.807
|v 4
|
| 701 |
|
1 |
|a Гродель
|b Г. С.
|
| 701 |
|
1 |
|a Губский
|b Ю. Н.
|
| 701 |
|
1 |
|a Кривохижа
|b Б. М.
|
| 701 |
|
1 |
|a Шпак
|b А. Ф.
|
| 801 |
|
1 |
|a RU
|b 63413507
|c 20150825
|
| 801 |
|
2 |
|a RU
|b 63413507
|c 20190410
|g RCR
|
| 942 |
|
|
|c BK
|